| 000 | 00805nam0a22002531 4500 | ||
|---|---|---|---|
| 001 | rc\4549440 | ||
| 005 | 20130416183658.4 | ||
| 021 |
_aRU _b[59-53447] |
||
| 035 | _a(NLR Aleph) 008363920 | ||
| 090 |
_a9015675 _c9015675 |
||
| 100 | _a20130416d1959 |||y0rusy50 ca | ||
| 101 | 1 |
_arus _cabk |
|
| 102 | _aRU | ||
| 105 | _ay z |||a| | ||
| 200 | 1 |
_aЛюбовь на рассвете _e[Стихи и поэма "Первая любовь"] _eПер. с абх. |
|
| 210 |
_aМосква _cСов. писатель _d1959 |
||
| 215 |
_a86 с. _d17 |
||
| 464 | 0 | _12001#$aПервая любовь$eПоэма | |
| 700 | 1 |
_aЛасуриа _bА. Е. _f1927-1959 _gАлексей Едгеевич |
|
| 801 | 0 |
_aRU _bNLR _gpsbo |
|
| 801 | 1 |
_aRU _bELAR _2rusmarc |
|
| 852 |
_aNLR _j59-2/1972 |
||
| 942 | _cBOOK | ||
| 980 | _aNB | ||